| 000 | 00556nam a22001817a 4500 | ||
|---|---|---|---|
| 999 |
_c171472 _d171472 |
||
| 005 | 20200114115919.0 | ||
| 010 | _aENG-127407 | ||
| 020 |
_a9789388398763 _c149.00 |
||
| 035 | _aEN-110939 | ||
| 037 | _bDBAD/PUB | ||
| 082 | _a300.72 | ||
| 100 | _aJaganathan,Vijayavel | ||
| 245 |
_aResearch methods in social sciences/ _cby Vijayavel Jaganathan |
||
| 260 |
_aTamil Nadu _bShanlax publications _c2019 |
||
| 270 |
_a61,66 T.P.K Main Road,Vasantha Nagar _bMadurai _e625003 |
||
| 300 |
_a183p. _c24cm(pbk) |
||
| 942 |
_2ddc _cEN _h300.72 _mJAG |
||